000 00639nam a2200193Ia 4500
005 20250508170224.0
008 008 250505s9999 xx 000 0 eng d
037 _aDissertations
040 _aFEDL
_beng
_cFEDL
041 _aeng
_2eng
084 _a371.39, TAR/DI
_qFEDL
100 _aTaramce Suraj Michael
_9783509
245 0 _aEffect of artificial intelligence-based' auto draw' webtool on mathematics achievement: An experimental study at middle level
260 _c2023
300 _ax, 152p.
546 _aM.Ed. Dissertation (Delhi University)
942 _cDIS
_h371.39, TAR/DI
999 _c1399881
_d1399881